000 00514nam a2200181Ia 4500
005 20250508161657.0
008 008 250505s9999 xx 000 0 eng d
037 _aTextual
040 _aFEDL
_beng
_cFEDL
041 _aeng
_2eng
084 _a378.12, JOU
_qFEDL
100 _aJoughin Louis Ed.
_993744
245 0 _aAcademic freedom and tenure
260 _aLondon, UK
_bThe University of Wisconsin Press
_c1969
300 _a373p.
942 _cTEXL
_h378.12, JOU
999 _c1371500
_d1371500